Sports Quiz

Random Sports or NFL Quiz

NFL - 1,000 Yard Rushers of the 2000's (Slideshow) Quiz Stats

Quiz not verified by Sporcle

Score 0/76 Timer 10:00
0 Plays Today
% Correct
Shaun Alexander
95.1%
Jamaal Charles
92.9%
Marshall Faulk
92.5%
Ray Rice
89.7%
LaDainian Tomlinson
87.8%
Adrian Peterson
87%
Jerome Bettis
86.1%
Michael Vick
84.2%
Ricky Williams
82.1%
Deuce McAllister
82.1%
Emmitt Smith
81.6%
Maurice Jones-Drew
81.6%
Warrick Dunn
81.4%
Brian Westbrook
81%
Tiki Barber
80.3%
Chris Johnson
79.9%
Michael Turner
79.7%
Thomas Jones
79.3%
Jamal Lewis
79.3%
Curtis Martin
79.1%
Eddie George
78%
Joseph Addai
78%
Jonathan Stewart
77.8%
Steven Jackson
77.6%
Brandon Jacobs
77.6%
Rashard Mendenhall
77.6%
DeAngelo Williams
77.1%
Frank Gore
76.9%
Corey Dillon
76.5%
Cedric Benson
76.3%
Matt Forte
74.1%
Willie Parker
72.6%
Fred Taylor
72%
Edgerrin James
72%
Clinton Portis
71.8%
Marshawn Lynch
70.5%
Ahman Green
70.1%
Priest Holmes
70.1%
% Correct
Ryan Grant
69%
Fred Jackson
66.2%
Willis McGahee
65.8%
Ronnie Brown
64.7%
Julius Jones
64.5%
Garrison Hearst
62%
LenDale White
60.9%
Larry Johnson
60.7%
Jamal Anderson
60.3%
Chester Taylor
60.3%
Steve Slaton
58.3%
Duce Staley
57.7%
Carnell 'Cadillac' Williams
57.5%
Robert Smith
57.1%
Mike Anderson
55.6%
Travis Henry
54.3%
Stephen Davis
53.6%
Justin Fargas
52.6%
Rudi Johnson
49.8%
Dominic Rhodes
49.6%
LaMont Jordan
47.9%
Derrick Ward
47.6%
Reuben Droughns
46.8%
Ricky Watters
42.7%
Tyrone Wheatley
42.1%
Tatum Bell
41.7%
Domanick Davis-Williams
40.8%
Michael Bennett
40.8%
Kevin Jones
40.4%
Antowain Smith
40%
Ladell Betts
39.1%
Anthony Thomas
38.9%
Kevan Barlow
35%
Charlie Garner
32.5%
Chris Brown
29.9%
James Stewart
24.8%
James Allen
22.9%
Lamar Smith
21.6%

You're not logged in!

Compare scores with friends on all Sporcle quizzes.
Sign Up with Email
OR
Log In

You Might Also Like...

Show Comments

Extras

Top Quizzes Today


Score Distribution

Your Account Isn't Verified!

In order to create a playlist on Sporcle, you need to verify the email address you used during registration. Go to your Sporcle Settings to finish the process.